000 01763nam a2200325Ia 4500
999 _c54665
_d54665
001 21732
003 GE_BSU
005 20220124164041.0
008 181216s2016||||ge |||||||||||||| ||geo||
020 _a9789941096600
040 _cGE_BSU
041 _ageo
080 _a54(470)(092)+669(470)(092) ც-66
100 _aცინცაძე, გ.
_91759
245 _aპეტრე ბაგრატიონი - გამოჩენილი მეცნიერი და საზოგადო მოღვაწე /
_cგ. ცინცაძე, გ. ცირეკიძე, რ. ჩაგუნავა ; რედაქტორი გ. არახამია.
260 _aთბილისი :
_b[?],
260 _c2016.
300 _a186 გვ. :
_bსურ. ;
_c20 სმ.
500 _aიბეჭდება საქ. მეცნიერებათა ეროვნული აკადემიის სარედაქციო-საგამომცემლო საბჭოს გადაწყვეტილებით
520 _aრეზიუმე ინგლისურ ენაზე
541 _h5 ლ.
653 _aპეტრე ბაგრატიონი - გამოჩენილი მეცნიერი და საზოგადო მოღვაწე
653 _aრუსი ქიმიკოსები
653 _aრუსი მეტალურგები
653 _aქიმია
700 _aცირეკიძე, გ.
_eავტორი
_913438
700 _aჩაგუნავა, რ.
_eავტორი
_913439
700 _aარახამია, გ.
_eრედაქტორი
_913440
942 _cBK
_2udc